000 00268nam a22001217a 4500
008 171019b xxu||||| |||| 00| 0 eng d
041 _aeng
080 _a338
100 _a53
101 _aMNG
245 _aTHE PRACTICE OF MANAGEMENT
_cDRUCKER, P.F
942 _2udc
_cBK
999 _c34866
_d34866